| 000 | 00495nam a2200217Ia 4500 | ||
|---|---|---|---|
| 005 | 20250425162624.0 | ||
| 008 | 250425s9999 xx 000 0 und d | ||
| 041 | _aspa | ||
| 043 | _aec | ||
| 082 | _a780 | ||
| 100 | _aCORREA BUSTAMANTE, FRANCISCO | ||
| 245 | 0 | _aCANTARES INOLVIDABLES DEL ECUADOR | |
| 250 | _a1A ED. | ||
| 260 |
_aEcuador _bUEES _c2003 |
||
| 260 | _aGUAYAQUIL | ||
| 300 | _a525 | ||
| 650 | _aAUTORES | ||
| 650 | _aMUSICA NACIONAL | ||
| 942 | _c01 | ||
| 010 | _a90760 | ||
| 999 |
_c233053 _d233053 |
||